Fauna silvestre amenazada del departamento de la Guajira Colombia / (Registro nro. 19144)

Detalles MARC
000 -CABECERA
Campo de control 01460nam a2200301 a 4500
005 - FECHA Y HORA DE LA ULTIMA TRANSACCION
Campo de control 20191224042315.0
008 - ELEMENTOS DE LONGITUD FIJA—INFORMACION GENERAL
Campo de control 161128s2011 ck abd|| |||| 00| 0 spa d
020 ## - ISBN
ISBN 9789589991015
040 ## - FUENTE DE CATALOGACIÓN
Agencia catalogadora original CO-BoIAVH
Agencia transcriptora CO-BoIAVH
041 0# - IDIOMA
Código de idioma para texto/pista de sonido o título separado Español
044 ## - PAÍS DE PUBLICACIÓN
País de publicación Colombia
082 04 - NUMERO DE CLASIFICACION DECIMAL DEWEY
Número de clasificación 591.68
Número del ítem R91f
100 1# - ASIENTO PRINCIPAL--NOMBRE PERSONAL
Nombre personal Rueda-Almonacid, José Vicente
Término relacionado autor
9 (RLIN) 689
245 10 - MENCION DE TITULO
Título Fauna silvestre amenazada del departamento de la Guajira Colombia /
Mención de responsabilidad José Vicente Rueda-Almonacid [y otros 3]
260 ## - PUBLICACION, DISTRIBUCION, ETC. (PIE DE IMPRENTA)
Lugar de publicación, distribución, etc. Bogotá?, Colombia :
Nombre del editor, distribuidor, etc. Corporación Autónoma Rgional de La Guajira,
Fecha de publicación, distribución, etc. 2011.
300 ## - DESCRIPCION FISICA
Extensión 202 páginas :
Otros detalles físicos ilustraciones a color, mapas y gráficas ;
Dimensiones 15 x 11 cm.
504 ## - NOTA DE BIBLIOGRAFIA, ETC.
Nota de bibliografía Incluye referencias bibliográficas.
650 26 - ASIENTO SECUNDARIO DE MATERIA - TERMINO TEMATICO
Término temático o nombre geográfico como elemento de entrada Fauna
Subdivisión general Especies en peligro de extinción
Subdivisión geográfica La Guajira (Departamento, Colombia)
9 (RLIN) 77391
650 26 - ASIENTO SECUNDARIO DE MATERIA - TERMINO TEMATICO
Término temático o nombre geográfico como elemento de entrada Invertebrados
Subdivisión general Especies en peligro de extinción
Subdivisión geográfica La Guajira (Departamento, Colombia)
9 (RLIN) 77392
650 26 - ASIENTO SECUNDARIO DE MATERIA - TERMINO TEMATICO
Término temático o nombre geográfico como elemento de entrada Reptiles
Subdivisión general Especies en peligro de extinción
Subdivisión geográfica La Guajira (Departamento, Colombia)
9 (RLIN) 77393
650 26 - ASIENTO SECUNDARIO DE MATERIA - TERMINO TEMATICO
Término temático o nombre geográfico como elemento de entrada Aves
Subdivisión general Especies en peligro de extinción
Subdivisión geográfica La Guajira (Departamento, Colombia)
9 (RLIN) 77394
650 26 - ASIENTO SECUNDARIO DE MATERIA - TERMINO TEMATICO
Término temático o nombre geográfico como elemento de entrada Mamíferos
Subdivisión general Especies en peligro de extinción
Subdivisión geográfica La Guajira (Departamento, Colombia)
9 (RLIN) 77395
700 1# - ASIENTO SECUNDARIO - NOMBRE PERSONAL
Nombre personal Amézquita, Adolfo
Término de relación autor
9 (RLIN) 97849
700 1# - ASIENTO SECUNDARIO - NOMBRE PERSONAL
Nombre personal Andrade C., M. Gonzalo
Término de relación autor
9 (RLIN) 5380
700 1# - ASIENTO SECUNDARIO - NOMBRE PERSONAL
Nombre personal Cortés, Oswaldo
Término de relación autor
9 (RLIN) 77390
710 2# - ASIENTO SECUNDARIO - NOMBRE CORPORATIVO
Nombre corporativo o de jurisdicción como elemento de entrada Corporación Autónoma Regional de la Guajira
9 (RLIN) 23830
942 ## - ELEMENTOS ADICIONALES (KOHA)
Sistema de clasificación Dewey Decimal Classification
Tipo de ítem Libro
Existencias
Withdrawn status Lost status Sistema de Clasificación Damaged status No para préstamo Colección Inventariado Ubicación Permanente Ubicación actual Fecha de adquisición Fuente de Valor Valor Total Checkouts Número topográfico Inventario / Código de Barras Date last seen Date checked out Ejemplar Price effective from Forma de adquisición Tipo de material
    Dewey Decimal Classification     General Inventariado 2017 Bogotá Bogotá 28/11/2016 Instituto 39000.00 7 LB-591.68 R91f 029602 21/02/2020 21/02/2020 Ej. 1 28/11/2016 Donación Libro
    Dewey Decimal Classification     General Inventariado 2017 Sala Fabio Quevedo Sala Fabio Quevedo 28/11/2016 Instituto 39000.00   LB-591.68 R91f 029601 28/11/2016   Ej. 2 28/11/2016 Donación Libro